Celebrity Couples - Statistics

General Stats
  • This quiz has been taken 37 times
    34 since last reset
  • The average score is 11 of 28
Answer Stats
Picture Answer % Correct
Barack and Michelle Obama
84%
Tom Holland and Zendaya Coleman
81%
David and Victoria Beckham
74%
Emily Blunt and John Krasinski
71%
Justin and Hailey Bieber
71%
Eva Mendes and Ryan Gosling
61%
Katy Perry and Orlando Bloom
61%
Selena Gomez and Benny Blanco
61%
Ashton Kutcher and Mila Kunis
58%
Portia de Rossi and Ellen Degeneres
58%
Kylie Jenner and Timothee Chalamet
52%
Scarlett Johansson and Colin Jost
52%
Javier Bardem and Penelope Cruz
45%
Bradley Cooper and Gigi Hadid
35%
Millie Bobby Brown and Jake Bongiovi
32%
Brenda Song and Macaulay Culkin
26%
Elsa Pataky and Chris Hemsworth
26%
Natalia Dyer and Charlie Heaton
26%
Ted Danson and Mary Steenburgen
26%
Jackie and Adam Sandler
19%
Kirsten Dunst and Jesse Plemons
19%
Leighton Meester and Adam Brody
19%
Josh Allen and Hailee Steinfeld
16%
Alex Scott and Jess Glynne
13%
Barbra and Dylan Sprouse
10%
Lebron and Savannah James
10%
Cobie Smulders and Taran Killam
3%
Dani Dyer and Jarrod Bowen
3%
No matching quizzes found
Score Distribution
Percent of People with Each Score
Percentile by Number Answered
Your Score History
You have not taken this quiz since the last reset